[Event "DVM U16 2019"]
[Site "Magedburg"]
[Date "2019.12.29"]
[Round "5"]
[White "Goltser, Ilja"]
[Black "Schaefer, Konstantin"]
[Result "1-0"]
[WhiteElo "1703"]
[BlackElo "1766"]
[Annotator "NA"]
[PlyCount "89"]
[EventDate "2019.12.27"]
[EventType "team-tourn"]
[EventRounds "7"]
[EventCountry "GER"]
[SourceTitle "playchess.com"]
[Source "ChessBase"]
[SourceQuality "1"]
[WhiteTeam "Hamburger SK"]
[BlackTeam "SG Leipzig"]
[WhiteTeamCountry "UKR"]
[BlackTeamCountry "GER"]
[TimeControl "40/5400+30:1800+30"]

1. e4 {[%emt 0:00:00]} c5 {[%emt 0:00:00]} 2. Nf3 {[%emt 0:00:00]} Nc6 {[%emt 0:00:00]} 3. Bb5 {[%emt 0:00:02]} d6 {[%emt 0:00:00]} 4. O-O {[%emt 0:00:50]} Bd7 {[%emt 0:00:52]} 5. Re1 {[%emt 0:00:36]} e5 {[%emt 0:01:02]} 6. c3 {[%emt 0:01:14]} g6 {[%emt 0:21:43]} 7. d4 {[%emt 0:06:24]} Qc7 {[%emt 0:11:10]} 8. dxc5 {[%emt 0:07:09]} dxc5 {[%emt 0:00:07]} 9. Bxc6 {[%emt 0:01:52]} Bxc6 {[%emt 0:00:16]} 10. c4 {[%emt 0:00:12]} Bg7 {[%emt 0:07:07]} 11. Nc3 {[%emt 0:00:31]} Ne7 {[%emt 0:00:27]} 12. Nd5 {[%emt 0:01:32]} Nxd5 {[%emt 0:00:34]} 13. exd5 {[%emt 0:00:38]} Bd7 {[%emt 0:00:06]} 14. Nxe5 {[%emt 0:12:09]} O-O {[%emt 0:02:31]} 15. Bf4 {[%emt 0:03:38]} Qc8 {[%emt 0:04:50]} 16. Qd2 {[%emt 0:03:04]} Re8 {[%emt 0:02:17]} 17. Nd3 {[%emt 0:03:52]} b5 {[%emt 0:03:00]} 18. Rxe8+ {[%emt 0:01:55]} Bxe8 {[%emt 0:00:13]} 19. Rc1 {[%emt 0:05:05]} b4 {[%emt 0:19:32]} 20. Bd6 {[%emt 0:03:02]} Bd4 {[%emt 0:01:43]} 21. Nxb4 {[%emt 0:03:55]} Qd8 {[%emt 0:03:30]} 22. Bf4 {[%emt 0:02:53]} Qf6 {[%emt 0:01:11]} 23. Nd3 {[%emt 0:01:00]} Bd7 {[%emt 0:01:39]} 24. Be3 {[%emt 0:06:49]} Bf5 {[%emt 0:00:55]} 25. b3 {[%emt 0:06:59]} Rc8 {[%emt 0:02:42]} 26. Rd1 {[%emt 0:08:17]} Bg4 {[%emt 0:01:42]} 27. Bxd4 {[%emt 0:02:26]} Qxd4 {[%emt 0:00:46]} 28. Re1 {[%emt 0:00:35]} Bf5 {[%emt 0:00:37]} 29. Re3 {[%emt 0:00:41]} a5 {[%emt 0:02:00]} 30. Qe2 {[%emt 0:01:32]} Bg4 {[%emt 0:00:12]} 31. Re8+ {[%emt 0:01:09]} Rxe8 {[%emt 0:01:25]} 32. Qxe8+ {[%emt 0:00:06]} Kg7 {[%emt 0:00:03]} 33. Qe5+ {[%emt 0:00:07]} Qxe5 {[%emt 0:00:04]} 34. Nxe5 {[%emt 0:00:06]} Bf5 {[%emt 0:00:03]} 35. Nc6 {[%emt 0:02:20]} a4 {[%emt 0:01:45]} 36. bxa4 {[%emt 0:00:36]} Kf8 {[%emt 0:00:09]} 37. a5 {[%emt 0:01:28]} Bc8 {[%emt 0:00:14]} 38. Nb8 {[%emt 0:03:32]} Ke8 {[%emt 0:00:10]} 39. a6 {[%emt 0:02:28]} Kd8 {[%emt 0:00:10]} 40. a7 {[%emt 0:00:20]} Bb7 {[%emt 0:00:08]} 41. Na6 {[%emt 0:30:29]} Ba8 {[%emt 0:30:13]} 42. Nxc5 {[%emt 0:02:49]} Kc7 {[%emt 0:00:10]} 43. g3 {[%emt 0:01:35]} Kb6 {[%emt 0:00:12]} 44. d6 {[%emt 0:00:43] normal} Kc6 {[%emt 0:02:20]} 45. d7 1-0

[Event "DVM U16 2019"]
[Site "Magedburg"]
[Date "2019.12.29"]
[Round "5"]
[White "Hoerkner, Nico"]
[Black "Biermann, Lenhard"]
[Result "0-1"]
[WhiteElo "1699"]
[BlackElo "2098"]
[Annotator "NA"]
[PlyCount "48"]
[EventDate "2019.12.27"]
[EventType "team-tourn"]
[EventRounds "7"]
[EventCountry "GER"]
[SourceTitle "playchess.com"]
[Source "ChessBase"]
[SourceQuality "1"]
[WhiteTeam "SK König Plauen"]
[BlackTeam "SG Bochum"]
[WhiteTeamCountry "GER"]
[BlackTeamCountry "GER"]
[TimeControl "40/5400+30:1800+30"]

1. d4 e6 2. Nf3 f5 3. c4 Nf6 4. g3 d6 5. Bg2 Be7 6. Nc3 O-O {unterminated} 7. O-O Qe8 {unterminated} 8. Qc2 Qh5 {unterminated} 9. Re1 {unterminated} Nc6 {unterminated} 10. a3 {unterminated} e5 {unterminated} 11. d5 $11 Nd8 12. b4 Nf7 13. Qd2 Bd7 14. Ra2 Rae8 15. e4 f4 16. Qd3 Bh3 17. Bxh3 Qxh3 18. gxf4 exf4 19. Bxf4 g5 20. Bc1 g4 21. Kh1 Qxf3+ 22. Qxf3 gxf3 23. Rg1+ Kh8 24. Rg3 Ne5 {normal} 0-1

[Event "DVM U16 2019"]
[Site "Magedburg"]
[Date "2019.12.29"]
[Round "5"]
[White "Peschel, Julia"]
[Black "Kolzenburg, Jan Niklas"]
[Result "0-1"]
[WhiteElo "1384"]
[BlackElo "1648"]
[Annotator "NA"]
[PlyCount "52"]
[EventDate "2019.12.27"]
[EventType "team-tourn"]
[EventRounds "7"]
[EventCountry "GER"]
[SourceTitle "playchess.com"]
[Source "ChessBase"]
[SourceQuality "1"]
[WhiteTeam "Biebertaler SF"]
[BlackTeam "SF Neuberg"]
[WhiteTeamCountry "GER"]
[TimeControl "40/5400+30:1800+30"]

1. e4 e5 2. Nf3 Nf6 3. d4 Nxe4 4. dxe5 d5 5. Nbd2 Nxd2 6. Qxd2 h6 7. Qf4 c5 8. Bd2 Nc6 9. c3 g5 10. Qe3 Qc7 11. h3 Be6 12. Bb5 Be7 13. Qe2 O-O-O 14. O-O-O d4 15. cxd4 cxd4 16. Kb1 Kb8 17. Rc1 Qb6 18. Bxc6 bxc6 19. Qd3 Rd5 20. Ka1 Ka8 21. Rc2 Rb8 22. Rb1 c5 23. g4 Rd7 24. Be1 c4 25. Qd1 c3 26. Qc1 Bxa2 {normal} 0-1

[Event "DVM U16 2019"]
[Site "Magedburg"]
[Date "2019.12.29"]
[Round "6"]
[White "Bethke, Richard"]
[Black "Post, Hugo"]
[Result "1-0"]
[WhiteElo "2332"]
[BlackElo "2181"]
[Annotator "NA"]
[PlyCount "103"]
[EventDate "2019.12.27"]
[EventType "team-tourn"]
[EventRounds "7"]
[EventCountry "GER"]
[SourceTitle "playchess.com"]
[Source "ChessBase"]
[SourceQuality "1"]
[WhiteTeam "SF Neuberg"]
[BlackTeam "Reideburger SV 90 Halle"]
[WhiteTeamCountry "GER"]
[BlackTeamCountry "GER"]
[TimeControl "40/5400+30:1800+30"]

1. e4 {[%emt 0:00:00]} c5 {[%emt 0:00:00]} 2. Nf3 {[%emt 0:00:00]} d6 {[%emt 0:00:00]} 3. d4 {[%emt 0:00:00]} cxd4 {[%emt 0:00:07]} 4. Nxd4 {[%emt 0:00:00]} Nf6 {[%emt 0:00:14]} 5. Nc3 {[%emt 0:00:00]} a6 {[%emt 0:00:23]} 6. Be3 {[%emt 0:00:34]} e6 {[%emt 0:00:22]} 7. Be2 {[%emt 0:00:36]} Be7 {[%emt 0:00:45]} 8. f4 {[%emt 0:00:41]} Qc7 {[%emt 0:01:24]} 9. O-O {[%emt 0:01:06]} O-O {[%emt 0:00:58]} 10. Kh1 {[%emt 0:00:32]} Nc6 {[%emt 0:04:31]} 11. Nxc6 {[%emt 0:05:53]} bxc6 {[%emt 0:00:12]} 12. Bd3 {[%emt 0:00:05]} c5 {[%emt 0:19:38]} 13. b3 {[%emt 0:02:12]} Bb7 {[%emt 0:01:07]} 14. Qe1 {[%emt 0:00:57]} Nd7 {[%emt 0:05:39]} 15. Bd2 {[%emt 0:00:48]} Bf6 {[%emt 0:03:40]} 16. Rf3 {[%emt 0:01:20]} g6 {[%emt 0:05:35]} 17. Rh3 {[%emt 0:01:14]} Qd8 {[%emt 0:01:29]} 18. g4 {[%emt 0:03:09]} Bg7 {[%emt 0:02:48]} 19. Qg3 {[%emt 0:07:14]} Re8 {[%emt 0:06:59]} 20. Qg2 {[%emt 0:08:16]} Qc7 {[%emt 0:03:47]} 21. Rf1 {[%emt 0:01:20]} Rad8 {[%emt 0:09:43]} 22. f5 {[%emt 0:00:24]} d5 {[%emt 0:04:08]} 23. fxe6 {[%emt 0:00:55]} fxe6 {[%emt 0:00:59]} 24. exd5 {[%emt 0:01:35]} Nf6 {[%emt 0:02:28]} 25. Bg5 {[%emt 0:04:08]} Rxd5 {[%emt 0:01:07]} 26. Nxd5 {[%emt 0:03:11]} Bxd5 {[%emt 0:00:06]} 27. Rhf3 {[%emt 0:00:09]} Nd7 {[%emt 0:01:58]} 28. Qe2 {[%emt 0:08:07]} Qe5 {[%emt 0:04:57]} 29. Be3 {[%emt 0:01:15]} Nf6 {[%emt 0:04:59]} 30. h3 {[%emt 0:07:42]} Ne4 {[%emt 0:08:07]} 31. Bf4 {[%emt 0:04:52]} Qd4 {[%emt 0:00:07]} 32. Kh2 {[%emt 0:00:55]} Nc3 {[%emt 0:00:12]} 33. Qe3 {[%emt 0:01:41]} Bxf3 {[%emt 0:00:10]} 34. Rxf3 {[%emt 0:03:57]} Nd5 {[%emt 0:05:35]} 35. Qxd4 {[%emt 0:00:21]} Bxd4 {[%emt 0:00:12]} 36. Bd2 {[%emt 0:01:09]} Ra8 {[%emt 0:00:54]} 37. Bc4 {[%emt 0:02:37]} Kg7 {[%emt 0:00:42]} 38. Kg2 {[%emt 0:00:26]} Ra7 {[%emt 0:00:57]} 39. h4 {[%emt 0:01:55]} Nb6 {[%emt 0:01:34]} 40. Bd3 {[%emt 0:00:40]} Nc8 {[%emt 0:00:41]} 41. c3 {[%emt 0:33:56]} Bf6 {[%emt 0:30:19]} 42. h5 {[%emt 0:00:34]} gxh5 {[%emt 0:00:00]} 43. gxh5 {[%emt 0:00:00]} h6 {[%emt 0:00:00]} 44. Rg3+ {[%emt 0:00:00]} Kh8 {[%emt 0:00:00]} 45. Bxh6 {[%emt 0:00:00]} Bxc3 {[%emt 0:00:00]} 46. Bc4 {[%emt 0:00:00]} Bg7 {[%emt 0:00:00]} 47. Bxg7+ {[%emt 0:00:00]} Rxg7 {[%emt 0:00:00]} 48. Rxg7 {[%emt 0:00:00]} Kxg7 {[%emt 0:00:00]} 49. Bxa6 {[%emt 0:00:00]} Na7 {[%emt 0:00:00]} 50. Bb7 {[%emt 0:00:00]} Kh6 {[%emt 0:00:00]} 51. Bf3 {[%emt 0:00:00]} Nb5 {[%emt 0:00:00]} 52. a4 {[%emt 0:00:00] normal} 1-0

[Event "DVM U16 2019"]
[Site "Magedburg"]
[Date "2019.12.29"]
[Round "6"]
[White "Köllner, Ruben Gideon"]
[Black "Woelk, Tom-Frederic"]
[Result "1/2-1/2"]
[WhiteElo "2330"]
[BlackElo "2245"]
[Annotator "NA"]
[PlyCount "79"]
[EventDate "2019.12.27"]
[EventType "team-tourn"]
[EventRounds "7"]
[EventCountry "GER"]
[SourceTitle "playchess.com"]
[Source "ChessBase"]
[SourceQuality "1"]
[WhiteTeam "SG Bochum"]
[BlackTeam "Hamburger SK"]
[BlackTeamCountry "GER"]
[TimeControl "40/5400+30:1800+30"]

1. d4 {[%emt 0:00:00]} Nf6 {[%emt 0:00:19]} 2. Nf3 {[%emt 0:00:00]} c5 {[%emt 0:00:29]} 3. e3 {[%emt 0:00:00]} d5 {[%emt 0:01:25]} 4. c3 {[%emt 0:00:40]} Nc6 {[%emt 0:02:40]} 5. Nbd2 {[%emt 0:00:57]} cxd4 {[%emt 0:01:55]} 6. exd4 {[%emt 0:00:12]} Bf5 {[%emt 0:00:34]} 7. Bb5 {[%emt 0:03:35]} e6 {[%emt 0:11:58]} 8. Ne5 {[%emt 0:03:00]} Qb6 {[%emt 0:00:06]} 9. Qa4 {[%emt 0:09:46]} Rc8 {[%emt 0:00:05]} 10. c4 {[%emt 0:09:15]} a6 {[%emt 0:04:46]} 11. Bxc6+ {[%emt 0:00:56]} bxc6 {[%emt 0:00:03]} 12. c5 {[%emt 0:00:30]} Qb5 {[%emt 0:02:46]} 13. Qxb5 {[%emt 0:00:44]} axb5 {[%emt 0:00:05]} 14. a4 {[%emt 0:04:10]} bxa4 {[%emt 0:09:19]} 15. Rxa4 {[%emt 0:04:03]} Ng4 {[%emt 0:00:17]} 16. Nxg4 {[%emt 0:08:25]} Bxg4 {[%emt 0:00:05]} 17. b4 {[%emt 0:00:40]} Be7 {[%emt 0:01:05]} 18. Bb2 {[%emt 0:09:27]} Kd7 {[%emt 0:00:47]} 19. f3 {[%emt 0:05:20]} Bf5 {[%emt 0:00:45]} 20. Ke2 {[%emt 0:00:04]} Rc7 {[%emt 0:01:51]} 21. Rha1 {[%emt 0:01:38]} Rb8 {[%emt 0:00:06]} 22. Bc3 {[%emt 0:00:16]} g5 {[%emt 0:07:11]} 23. Ra8 {[%emt 0:03:42]} Rxa8 {[%emt 0:06:59]} 24. Rxa8 {[%emt 0:00:03]} Rc8 {[%emt 0:10:01]} 25. Ra7+ {[%emt 0:00:48]} Rc7 {[%emt 0:02:35]} 26. Ra6 {[%emt 0:05:54]} Bd8 {[%emt 0:01:46]} 27. Ra2 {[%emt 0:10:52]} Rb7 {[%emt 0:00:49]} 28. g3 {[%emt 0:03:35]} Bc7 {[%emt 0:01:06]} 29. Ke3 {[%emt 0:01:30]} h5 {[%emt 0:04:17]} 30. f4 {[%emt 0:03:05]} g4 {[%emt 0:03:51]} 31. Nb3 {[%emt 0:01:19]} Rb8 {[%emt 0:00:40]} 32. Ra7 {[%emt 0:02:06]} Bc2 {[%emt 0:16:42]} 33. Na5 {[%emt 0:01:56]} f5 {[%emt 0:00:40]} 34. Nb7 {[%emt 0:01:38]} Kc8 {[%emt 0:00:17]} 35. Nd6+ {[%emt 0:02:23]} Bxd6 {[%emt 0:00:26]} 36. cxd6 {[%emt 0:00:02]} Rb7 {[%emt 0:00:08]} 37. Ra2 {[%emt 0:04:46]} Be4 {[%emt 0:02:07]} 38. b5 {[%emt 0:00:51]} Rxb5 {[%emt 0:00:31]} 39. Ra7 {[%emt 0:00:41]} Rb7 {[%emt 0:00:29]} 40. Rxb7 {[%emt 0:00:21] normal} 1/2-1/2

[Event "DVM U16 2019"]
[Site "Magedburg"]
[Date "2019.12.29"]
[Round "6"]
[White "Huber, Benedikt"]
[Black "Bosselmann, Tom Linus"]
[Result "1-0"]
[WhiteElo "2133"]
[BlackElo "2077"]
[Annotator "NA"]
[PlyCount "93"]
[EventDate "2019.12.27"]
[EventType "team-tourn"]
[EventRounds "7"]
[EventCountry "GER"]
[SourceTitle "playchess.com"]
[Source "ChessBase"]
[SourceQuality "1"]
[WhiteTeam "SK München Südost"]
[BlackTeam "Lübecker SV"]
[WhiteTeamCountry "GER"]
[BlackTeamCountry "GER"]
[TimeControl "40/5400+30:1800+30"]

1. d4 {[%emt 0:00:00]} Nf6 {[%emt 0:00:00]} 2. c4 {[%emt 0:00:00]} g6 {[%emt 0:00:00]} 3. Nf3 {[%emt 0:00:00]} Bg7 {[%emt 0:00:00]} 4. g3 {[%emt 0:00:00]} O-O {[%emt 0:00:00]} 5. Bg2 {[%emt 0:00:02]} d6 {[%emt 0:00:00]} 6. O-O {[%emt 0:00:09]} a6 {[%emt 0:00:37]} 7. Nc3 {[%emt 0:00:14]} Nc6 {[%emt 0:00:04]} 8. b3 {[%emt 0:00:11]} Rb8 {[%emt 0:01:15]} 9. Nd5 {[%emt 0:00:07]} b5 {[%emt 0:11:46]} 10. Nxf6+ {[%emt 0:02:24]} Bxf6 {[%emt 0:01:04]} 11. Bh6 {[%emt 0:00:10]} Re8 {[%emt 0:00:59]} 12. Rc1 {[%emt 0:00:51]} e5 {[%emt 0:10:57]} 13. d5 {[%emt 0:13:51]} Ne7 {[%emt 0:01:10]} 14. e4 {[%emt 0:01:07]} Bg7 {[%emt 0:02:50]} 15. Bd2 {[%emt 0:05:12]} b4 {[%emt 0:04:03]} 16. Ne1 {[%emt 0:01:49]} c5 {[%emt 0:09:06]} 17. dxc6 {[%emt 0:01:37]} Nxc6 {[%emt 0:00:23]} 18. Nc2 {[%emt 0:00:40]} Be6 {[%emt 0:04:39]} 19. Be3 {[%emt 0:03:54]} Qd7 {[%emt 0:03:20]} 20. Qd3 {[%emt 0:01:32]} a5 {[%emt 0:04:35]} 21. Rcd1 {[%emt 0:07:11]} Red8 {[%emt 0:00:55]} 22. Qe2 {[%emt 0:09:46]} Qc7 {[%emt 0:00:52]} 23. f4 {[%emt 0:00:23]} f5 {[%emt 0:04:10]} 24. Bh3 {[%emt 0:08:10]} Ne7 {[%emt 0:13:29]} 25. fxe5 {[%emt 0:00:28]} dxe5 {[%emt 0:01:53]} 26. Bg5 {[%emt 0:00:17]} Rxd1 {[%emt 0:05:21]} 27. Qxd1 {[%emt 0:04:09]} Rf8 {[%emt 0:02:35]} 28. Ne3 {[%emt 0:06:07]} Bf6 {[%emt 0:01:18]} 29. Bxf6 {[%emt 0:11:46]} Rxf6 {[%emt 0:00:02]} 30. Qd3 {[%emt 0:00:42]} Qb6 {[%emt 0:02:23]} 31. Kg2 {[%emt 0:04:24]} f4 {[%emt 0:04:42]} 32. Bxe6+ {[%emt 0:03:33]} Qxe6 {[%emt 0:00:03]} 33. Nd5 {[%emt 0:01:08]} Rf8 {[%emt 0:05:31]} 34. gxf4 {[%emt 0:02:16]} Nxd5 {[%emt 0:00:59]} 35. Qxd5 {[%emt 0:03:31]} Qxd5 {[%emt 0:00:03]} 36. exd5 {[%emt 0:01:46]} exf4 {[%emt 0:03:35]} 37. Re1 {[%emt 0:02:44]} Rd8 {[%emt 0:01:31]} 38. Kf3 {[%emt 0:00:18]} g5 {[%emt 0:00:23]} 39. Rg1 {[%emt 0:00:15]} h6 {[%emt 0:00:57]} 40. h4 {[%emt 0:00:05]} Kf7 {[%emt 0:00:52]} 41. hxg5 {[%emt 0:30:23]} hxg5 {[%emt 0:30:21]} 42. Rxg5 {[%emt 0:00:18]} a4 {[%emt 0:00:00]} 43. bxa4 {[%emt 0:00:00]} Ra8 {[%emt 0:00:00]} 44. Kxf4 {[%emt 0:00:00]} Rxa4 {[%emt 0:00:00]} 45. Rg2 {[%emt 0:00:00]} Ke7 {[%emt 0:00:00]} 46. Ke5 {[%emt 0:00:00]} Ra5 {[%emt 0:00:00]} 47. Kd4 {[%emt 0:00:00] normal} 1-0

[Event "DVM U16 2019"]
[Site "Magedburg"]
[Date "2019.12.29"]
[Round "6"]
[White "Dietz, Florian"]
[Black "Bethke, Robert"]
[Result "1-0"]
[WhiteElo "2116"]
[BlackElo "2046"]
[Annotator "NA"]
[PlyCount "43"]
[EventDate "2019.12.27"]
[EventType "team-tourn"]
[EventRounds "7"]
[EventCountry "GER"]
[SourceTitle "playchess.com"]
[Source "ChessBase"]
[SourceQuality "1"]
[WhiteTeam "Reideburger SV 90 Halle"]
[BlackTeam "SF Neuberg"]
[WhiteTeamCountry "GER"]
[BlackTeamCountry "GER"]
[TimeControl "40/5400+30:1800+30"]

1. e4 {[%emt 0:00:00]} e5 {[%emt 0:00:00]} 2. Nf3 {[%emt 0:00:00]} Nf6 {[%emt 0:00:00]} 3. Nxe5 {[%emt 0:00:00]} d6 {[%emt 0:00:00]} 4. Nf3 {[%emt 0:00:00]} Nxe4 {[%emt 0:00:00]} 5. Nc3 {[%emt 0:00:07]} Nxc3 {[%emt 0:00:00]} 6. dxc3 {[%emt 0:00:05]} Be7 {[%emt 0:00:00]} 7. Be3 {[%emt 0:00:10]} Nc6 {[%emt 0:00:00]} 8. Qd2 {[%emt 0:00:12]} Be6 {[%emt 0:00:00]} 9. O-O-O {[%emt 0:00:36]} Bxa2 {[%emt 0:00:45]} 10. b3 {[%emt 0:01:59]} a5 {[%emt 0:00:09]} 11. Kb2 {[%emt 0:09:08]} a4 {[%emt 0:00:05]} 12. Kxa2 {[%emt 0:04:59]} axb3+ {[%emt 0:00:04]} 13. Kxb3 {[%emt 0:00:48]} Ra5 {[%emt 0:00:07]} 14. Bc4 {[%emt 0:07:35]} Qa8 {[%emt 0:01:35]} 15. Kb2 {[%emt 0:00:33]} d5 {[%emt 0:00:27]} 16. Bxd5 {[%emt 0:04:54]} O-O {[%emt 0:00:56]} 17. Ra1 {[%emt 0:01:26]} Ba3+ {[%emt 0:02:21]} 18. Rxa3 {[%emt 0:03:07]} Rxa3 {[%emt 0:00:06]} 19. Bc5 {[%emt 0:00:09]} Ra5 {[%emt 0:08:53]} 20. Bxf8 {[%emt 0:01:13]} Kxf8 {[%emt 0:00:44]} 21. Bb3 {[%emt 0:02:05]} Ra3 {[%emt 0:02:45]} 22. Qd5 {[%emt 0:01:59] normal} 1-0

[Event "DVM U16 2019"]
[Site "Magedburg"]
[Date "2019.12.29"]
[Round "6"]
[White "Kotyk, Michael"]
[Black "Biermann, Florian"]
[Result "0-1"]
[WhiteElo "2103"]
[BlackElo "2044"]
[Annotator "NA"]
[PlyCount "119"]
[EventDate "2019.12.27"]
[EventType "team-tourn"]
[EventRounds "7"]
[EventCountry "GER"]
[SourceTitle "playchess.com"]
[Source "ChessBase"]
[SourceQuality "1"]
[WhiteTeam "Hamburger SK"]
[BlackTeam "SG Bochum"]
[WhiteTeamCountry "GER"]
[BlackTeamCountry "GER"]
[TimeControl "40/5400+30:1800+30"]

1. d4 {[%emt 0:00:00]} Nf6 {[%emt 0:00:53]} 2. c4 {[%emt 0:00:00]} g6 {[%emt 0:00:26]} 3. Nc3 {[%emt 0:00:03]} Bg7 {[%emt 0:00:45]} 4. e4 {[%emt 0:00:08]} d6 {[%emt 0:01:03]} 5. Be2 {[%emt 0:00:12]} O-O {[%emt 0:00:23]} 6. Nf3 {[%emt 0:00:09]} e5 {[%emt 0:01:04]} 7. O-O {[%emt 0:00:06]} Nc6 {[%emt 0:01:11]} 8. dxe5 {[%emt 0:00:06]} dxe5 {[%emt 0:02:59]} 9. Bg5 {[%emt 0:00:06]} Qxd1 {[%emt 0:00:52]} 10. Rfxd1 {[%emt 0:00:26]} Bg4 {[%emt 0:04:16]} 11. h3 {[%emt 0:00:18]} Bxf3 {[%emt 0:01:15]} 12. Bxf3 {[%emt 0:00:02]} h6 {[%emt 0:06:39]} 13. Be3 {[%emt 0:00:12]} Rfd8 {[%emt 0:01:04]} 14. Nd5 {[%emt 0:00:36]} Ne8 {[%emt 0:00:55]} 15. c5 {[%emt 0:06:55]} Nd4 {[%emt 0:03:19]} 16. Rac1 {[%emt 0:00:33]} c6 {[%emt 0:00:41]} 17. Nb4 {[%emt 0:02:52]} Nc7 {[%emt 0:05:49]} 18. Nd3 {[%emt 0:01:17]} a5 {[%emt 0:04:02]} 19. b3 {[%emt 0:01:53]} h5 {[%emt 0:04:47]} 20. Nb2 {[%emt 0:00:24]} Nce6 {[%emt 0:03:01]} 21. Na4 {[%emt 0:00:19]} Bf8 {[%emt 0:08:23]} 22. Kf1 {[%emt 0:04:12]} Nxf3 {[%emt 0:14:54]} 23. gxf3 {[%emt 0:00:16]} Be7 {[%emt 0:02:40]} 24. Nb6 {[%emt 0:06:11]} Rxd1+ {[%emt 0:07:31]} 25. Rxd1 {[%emt 0:00:08]} Rb8 {[%emt 0:02:40]} 26. Ke2 {[%emt 0:05:45]} h4 {[%emt 0:02:20]} 27. Nc4 {[%emt 0:07:18]} Bxc5 {[%emt 0:00:44]} 28. Nxe5 {[%emt 0:00:23]} Bxe3 {[%emt 0:00:32]} 29. fxe3 {[%emt 0:01:08]} a4 {[%emt 0:00:11]} 30. b4 {[%emt 0:05:19]} a3 {[%emt 0:01:29]} 31. f4 {[%emt 0:04:34]} Re8 {[%emt 0:07:46]} 32. Rd7 {[%emt 0:02:40]} g5 {[%emt 0:00:44]} 33. Nxf7 {[%emt 0:01:50]} gxf4 {[%emt 0:01:29]} 34. Nh6+ {[%emt 0:00:32]} Kh8 {[%emt 0:00:10]} 35. Rxb7 {[%emt 0:00:33]} Ng5 {[%emt 0:00:42]} 36. Nf7+ {[%emt 0:00:56]} Nxf7 {[%emt 0:00:26]} 37. Rxf7 {[%emt 0:00:02]} fxe3 {[%emt 0:02:01]} 38. Kxe3 {[%emt 0:07:17]} Rb8 {[%emt 0:01:37]} 39. Ra7 {[%emt 0:06:10]} Rxb4 {[%emt 0:00:54]} 40. Rxa3 {[%emt 0:00:06]} Kg7 {[%emt 0:01:37]} 41. Kf4 {[%emt 0:33:47]} Kf6 {[%emt 0:07:56]} 42. Rc3 {[%emt 0:00:00]} Rb6 {[%emt 0:07:34]} 43. a4 {[%emt 0:00:00]} Ke6 {[%emt 0:03:08]} 44. a5 {[%emt 0:00:00]} Ra6 {[%emt 0:00:30]} 45. Rc5 {[%emt 0:00:00]} Kd6 {[%emt 0:00:11]} 46. Rh5 {[%emt 0:00:00]} Ra8 {[%emt 0:00:15]} 47. Rh6+ {[%emt 0:00:00]} Kd7 {[%emt 0:03:59]} 48. e5 {[%emt 0:00:00]} Rxa5 {[%emt 0:00:55]} 49. Kf5 {[%emt 0:00:00]} c5 {[%emt 0:06:36]} 50. Rh7+ {[%emt 0:00:00]} Kc6 {[%emt 0:00:32]} 51. e6 {[%emt 0:00:00]} Ra1 {[%emt 0:00:28]} 52. Kf6 {[%emt 0:00:00]} Rf1+ {[%emt 0:01:59]} 53. Ke7 {[%emt 0:00:00]} Rf4 {[%emt 0:02:17]} 54. Rf7 {[%emt 0:00:00]} Re4 {[%emt 0:00:33]} 55. Rf6 {[%emt 0:00:00]} c4 {[%emt 0:00:39]} 56. Kf8 {[%emt 0:00:00]} c3 {[%emt 0:05:38]} 57. e7+ {[%emt 0:00:00]} Kd5 {[%emt 0:00:20]} 58. e8=Q {[%emt 0:00:00]} Rxe8+ {[%emt 0:00:04] normal} 59. Kxe8 {[%emt 0:00:00]} c2 {[%emt 0:00:10]} 60. Kf7 {[%emt 0:00:00] normal} 0-1

[Event "DVM U16 2019"]
[Site "Magedburg"]
[Date "2019.12.29"]
[Round "6"]
[White "Biermann, Lenhard"]
[Black "Grabbel, Lennart Christian"]
[Result "1/2-1/2"]
[WhiteElo "2098"]
[BlackElo "1849"]
[Annotator "NA"]
[PlyCount "80"]
[EventDate "2019.12.27"]
[EventType "team-tourn"]
[EventRounds "7"]
[EventCountry "GER"]
[SourceTitle "playchess.com"]
[Source "ChessBase"]
[SourceQuality "1"]
[WhiteTeam "SG Bochum"]
[BlackTeam "Hamburger SK"]
[WhiteTeamCountry "GER"]
[BlackTeamCountry "GER"]
[TimeControl "40/5400+30:1800+30"]

1. d4 {[%emt 0:00:00]} d5 {[%emt 0:00:00]} 2. Bf4 {[%emt 0:00:00]} Nf6 {[%emt 0:00:00]} 3. e3 {[%emt 0:00:00]} c6 {[%emt 0:00:58]} 4. Bd3 {[%emt 0:00:04]} e6 {[%emt 0:03:37]} 5. Nd2 {[%emt 0:00:23]} Bd6 {[%emt 0:00:08]} 6. Bxd6 {[%emt 0:00:34]} Qxd6 {[%emt 0:00:05]} 7. f4 {[%emt 0:00:14]} b6 {[%emt 0:03:52]} 8. Qe2 {[%emt 0:10:31]} c5 {[%emt 0:04:49]} 9. c3 {[%emt 0:00:59]} Bb7 {[%emt 0:01:21]} 10. Ngf3 {[%emt 0:04:10]} Ne4 {[%emt 0:00:34]} 11. O-O {[%emt 0:12:05]} O-O {[%emt 0:01:35]} 12. Ng5 {[%emt 0:06:35]} f5 {[%emt 0:03:45]} 13. Ngf3 {[%emt 0:07:48]} Nd7 {[%emt 0:04:34]} 14. Ne5 {[%emt 0:01:22]} Ndf6 {[%emt 0:03:37]} 15. a4 {[%emt 0:01:59]} Rfd8 {[%emt 0:04:11]} 16. Kh1 {[%emt 0:03:58]} Bc6 {[%emt 0:03:53]} 17. Nxc6 {[%emt 0:03:13]} Qxc6 {[%emt 0:00:06]} 18. Nf3 {[%emt 0:01:42]} c4 {[%emt 0:12:29]} 19. Bc2 {[%emt 0:02:29]} a6 {[%emt 0:00:55]} 20. Ne5 {[%emt 0:01:12]} Qe8 {[%emt 0:04:55]} 21. g4 {[%emt 0:21:29]} g6 {[%emt 0:04:50]} 22. g5 {[%emt 0:04:30]} Nd7 {[%emt 0:01:06]} 23. Bxe4 {[%emt 0:01:16]} fxe4 {[%emt 0:00:07]} 24. h4 {[%emt 0:02:12]} Rdb8 {[%emt 0:13:28]} 25. h5 {[%emt 0:08:21]} Rb7 {[%emt 0:01:12]} 26. Nxd7 {[%emt 0:02:02]} Rxd7 {[%emt 0:00:58]} 27. hxg6 {[%emt 0:00:04]} hxg6 {[%emt 0:00:06]} 28. Kg2 {[%emt 0:00:33]} Rh7 {[%emt 0:00:48]} 29. Qg4 {[%emt 0:00:58]} Qf7 {[%emt 0:02:13]} 30. Rh1 {[%emt 0:01:36]} Qf5 {[%emt 0:00:27]} 31. Qg3 {[%emt 0:00:58]} Raa7 {[%emt 0:00:11]} 32. Kf2 {[%emt 0:00:53]} Rab7 {[%emt 0:01:35]} 33. Rab1 {[%emt 0:01:30]} Rxh1 {[%emt 0:03:54]} 34. Rxh1 {[%emt 0:00:04]} Rh7 {[%emt 0:00:07]} 35. Rxh7 {[%emt 0:00:22]} Kxh7 {[%emt 0:00:05]} 36. Qh4+ {[%emt 0:01:00]} Kg8 {[%emt 0:00:08]} 37. Kg3 {[%emt 0:00:44]} Qf7 {[%emt 0:01:21]} 38. Qh6 {[%emt 0:00:31]} Qf5 {[%emt 0:01:15]} 39. Qh4 {[%emt 0:00:30]} Qf7 {[%emt 0:01:16]} 40. Qh6 {[%emt 0:00:10]} Qe8 {[%emt 0:00:52] normal} 1/2-1/2